Me Voy REMIX - Abraham Mateo, Rombai, Reykon. - Estadísticas

Estadísticas generales
  • Esta prueba ha sido intentada 28 veces
  • La puntuación promedio es 194 de 460
Estadísticas de respuestas
Letra % Correcto
a
100%
A
100%
amor
67%
así
67%
Así
67%
como
67%
de
67%
el
67%
El
67%
ella
67%
es
67%
Ésta
67%
Lo
67%
lo
67%
Me
67%
me
67%
mi
67%
No
67%
no
67%
que
67%
Que
67%
67%
se
67%
Si
67%
te
67%
Te
67%
ti
67%
67%
67%
veces
67%
voy
67%
y
67%
yo
67%
Abraham
33%
con
33%
corazón
33%
cosas
33%
Cuando
33%
cuando
33%
Deja
33%
Desde
33%
día
33%
Dime
33%
en
33%
eres
33%
estar
33%
estoy
33%
ir
33%
la
33%
más
33%
Más
33%
Mateo
33%
Mejor
33%
mejor
33%
mis
33%
mundo
33%
pa'
33%
para
33%
pero
33%
perro
33%
play
33%
preguntas
33%
quién
33%
quien
33%
quieres
33%
quiero
33%
Reykon
33%
Rombai
33%
sabes
33%
Sólo
33%
son
33%
tanto
33%
Todo
33%
un
33%
Un
33%
una
33%
va
33%
vas
33%
ven
33%
acostumbrando
0%
acostumbré
0%
aguanto
0%
algún
0%
Algunas
0%
Ana
0%
apareces
0%
avisa
0%
Ay
0%
ay
0%
brisa
0%
búscalo
0%
Cádiz
0%
camisas
0%
celu
0%
conozco
0%
contar
0%
cositas
0%
cuantas
0%
Cuanto
0%
Dale
0%
dañarse
0%
desvisto
0%
drama
0%
eh
0%
enfurece
0%
enojas
0%
entendieras
0%
eo
0%
era
0%
ese?
0%
estupideces
0%
ey
0%
Fermazel
0%
filosofía
0%
fué
0%
hagan
0%
hasta
0%
Hice
0%
Igual
0%
igual
0%
Juego
0%
jugar
0%
las
0%
Lauro
0%
líder
0%
llanto
0%
loca
0%
mal
0%
Mamita
0%
Melisa
0%
mente?
0%
mierda
0%
misa
0%
misma
0%
mundial
0%
na'
0%
negar
0%
ni
0%
oh
0%
Ojalá
0%
ojos
0%
Olías
0%
olvide
0%
Osea
0%
parceros
0%
parece
0%
perder
0%
porto
0%
primera
0%
prisa
0%
puso
0%
queremos
0%
quiera
0%
ratito
0%
rato
0%
resuelves
0%
revisas
0%
rompiste
0%
salí
0%
santo
0%
siempre
0%
siente
0%
sola
0%
soy
0%
Soy
0%
Tampoco
0%
total
0%
viste
0%
volviste
0%
No se encontraron pruebas coincidentes
Distribución de puntuación
Porcentaje de gente con cada puntuación
Porcentaje por número respondido
Historial de tus puntuaciones
No has intentado esta prueba.